000 01138nas a2200349 4500
001 BR2018001338
003 BR-BrBNA
005 20231205131343.0
007 ta
008 230509b bl.|||p| |||| 00| 00por d
040 _aBR-BrBNA
_bpor
_cBiblioteca Nacional de Agricultura
041 _a(En)
072 _aL02; L50
100 1 _aPirsaraei, Z.A.
100 1 _aRahimi, A.
100 1 _aDeldar, H.
100 1 _aSayyadi, A.J.
100 1 _aEbrahimi, M.
100 1 _aShahneh, A.Z.
100 1 _aShivazad, M.
100 1 _aTebianian, M.
245 1 _aEffect of feeding arginine on the growth performance, carcass traits, relative expression of lipogenic genes, and blood parameters of arian broilers
650 _aFRANGO DE CORTE
650 _aCRESCIMENTO
650 _aDIETA
650 _aARGININA
650 _aANÁLISE QUÍMICA
773 0 _tBrazilian Journal of Poultry Science (Brazil)
_xISSN 1806-9061
_g(Apr-Jun 2018), v. 20(2) p. 363-370
_wBR2018001338
856 4 0 _uhttp://www.scielo.br/pdf/rbca/v20n2/1516-635X-rbca-20-02-00363.pdf
909 _a202311
_bLúcia
_c55
_dLúcia Elande
942 _2AGRIS
_n0
_cANA
999 _c254351
_d254351